| 000 | 00450cam a2200181 4500 | ||
|---|---|---|---|
| 001 | D15379 | ||
| 008 | 090401t1966 xxu||||| |||| 00| 0 eng d | ||
| 035 | _a(Sirsi) u22346 | ||
| 041 | _aeng | ||
| 110 |
_aChartered Auctioneers _91039 |
||
| 245 | _aExamination questions: preliminary | ||
| 260 |
_bCAEAT _c1966 |
||
| 350 | _a0 | ||
| 520 | _aFiled in box 1966/25 AB | ||
| 710 |
_aEstate Agents Institute _91038 |
||
| 942 | _n0 | ||
| 948 | _c04/03/1997 | ||
| 999 |
_c88171 _d88171 |
||